Essentials of nursing research : (Record no. 44244)

MARC details
001 - CONTROL NUMBER
control field 19288892
003 - CONTROL NUMBER IDENTIFIER
control field 00000
005 - DATE AND TIME OF LATEST TRANSACTION
control field 20260401134145.0
008 - FIXED-LENGTH DATA ELEMENTS--GENERAL INFORMATION
fixed length control field 160923s2018 paua b 001 0 eng
010 ## - LIBRARY OF CONGRESS CONTROL NUMBER
LC control number 2020945965
020 ## - INTERNATIONAL STANDARD BOOK NUMBER
International Standard Book Number 1496351290
035 ## - SYSTEM CONTROL NUMBER
System control number 19288892
035 ## - SYSTEM CONTROL NUMBER
System control number (DNLM)101693058
040 ## - CATALOGING SOURCE
Original cataloging agency DNLM/DLC
Language of cataloging eng
Transcribing agency DLC
Description conventions rda
Modifying agency DLC
042 ## - AUTHENTICATION CODE
Authentication code pcc
050 00 - LIBRARY OF CONGRESS CALL NUMBER
Classification number RT 81.5 .P63
082 00 - DEWEY DECIMAL CLASSIFICATION NUMBER
Classification number 610.73072
Edition number 23
100 1# - MAIN ENTRY--PERSONAL NAME
Personal name Polit, Denise F.,
Relator term author.
245 10 - TITLE STATEMENT
Title Essentials of nursing research :
Remainder of title appraising evidence for nursing practice /
Statement of responsibility, etc Denise F. Polit, PhD, FAAN, President, Humanalysis, Inc., Saratoga Springs, New York, Professor, Griffith University School of Nursing, Brisbane, Australia, Cheryl Tatano Beck, DNSc, CNM, FAAN, Distinguished Professor, School of Nursing, University of Connecticut, Storrs, Connecticut.
250 ## - EDITION STATEMENT
Edition statement 10th ed.
264 #1 - PUBLICATION, DISTRIBUTION, ETC. (IMPRINT)
Place of publication, distribution, etc Philadelphia :
Name of publisher, distributor, etc Wolters Kluwer Health,
Date of publication, distribution, etc 2022
300 ## - PHYSICAL DESCRIPTION
Extent xxii, 442 pages :
336 ## - CONTENT TYPE
Content type term text
Source rdacontent
337 ## - MEDIA TYPE
Media type term unmediated
Source rdamedia
338 ## - CARRIER TYPE
Carrier type term volume
Source rdacarrier
504 ## - BIBLIOGRAPHY, ETC. NOTE
Bibliography, etc Includes bibliographical references and index.
505 0# - FORMATTED CONTENTS NOTE
Formatted contents note Introduction to nursing research in an evidence-based practice environment -- Fundamentals of evidence-based nursing practice -- Key concepts and steps in quantitative and qualitative research -- Reading and critiquing research articles -- Ethics in research -- Research problems, research questions, and hypotheses -- Finding and reviewing research evidence in the literature -- Theoretical and conceptual frameworks -- Quantitative research design -- Sampling and data collection in quantitative studies -- Qualitative designs and approaches -- Sampling and data collection in qualitative studies -- Mixed methods and other special types of research -- Statistical analysis of quantitative data -- Interpretation and clinical significance in quantitative research -- Analysis of qualitative data -- Trustworthiness and integrity in qualitative research -- Systematic reviews : meta-analysis and metasynthesis.
650 #0 - SUBJECT ADDED ENTRY--TOPICAL TERM
Topical term or geographic name as entry element Nursing
General subdivision Research.
650 12 - SUBJECT ADDED ENTRY--TOPICAL TERM
Topical term or geographic name as entry element Nursing Research
650 22 - SUBJECT ADDED ENTRY--TOPICAL TERM
Topical term or geographic name as entry element Evidence-Based Nursing
700 1# - ADDED ENTRY--PERSONAL NAME
Personal name Beck, Cheryl Tatano,
Relator term author.
906 ## - LOCAL DATA ELEMENT F, LDF (RLIN)
a 7
b cbc
c orignew
d 1
e ecip
f 20
g y-gencatlg
942 ## - ADDED ENTRY ELEMENTS (KOHA)
Source of classification or shelving scheme Library of Congress Classification
Koha item type Books
Holdings
Withdrawn status Lost status Source of classification or shelving scheme Damaged status Not for loan Permanent Location Current Location Date acquired Total Checkouts Full call number Barcode Date last seen Price effective from Koha item type
    Library of Congress Classification     NILE UNIVERSITY OF NIGERIA - MAIN LIBRARY NILE UNIVERSITY OF NIGERIA - MAIN LIBRARY 04/01/2026   RT 81.5 .P63 2022 0199592 04/01/2026 04/01/2026 Books